| 000 | 00584nam a2200229Ia 4500 | ||
|---|---|---|---|
| 003 | OSt | ||
| 005 | 20221005133636.0 | ||
| 006 | a|||||r|||| 00| 0 | ||
| 007 | ta | ||
| 008 | 221004b |||||||| |||| 00| 0 hin d | ||
| 024 | _a1766 | ||
| 037 | _cTextual | ||
| 040 |
_aCRL _cCRL _bhin |
||
| 041 |
_2hin _ahin |
||
| 082 | _aM31k, N2.1-.4 | ||
| 100 | _aअंजलि शरण | ||
| 245 | 0 | _aव्यंजन कोश | |
| 246 | _aVyanjan kosha | ||
| 260 | _c1992 | ||
| 942 |
_hM31k, N2.1-.4 _cTEXL _2cc |
||
| 999 |
_c1067417 _d1067417 |
||